Loading...
| Fine Arts - Auditory Fine Arts | 7 | 18.57 | 100% | 71% | 14% |
| Fine Arts - Other Fine Arts | 4 | 12.50 | 100% | 25% | 0% |
| Fine Arts - Visual Fine Arts | 6 | 20.00 | 100% | 100% | 0% |
| Geography | 1 | 20.00 | 100% | 100% | 0% |
| History - American History | 7 | 24.29 | 100% | 100% | 43% |
| History - European History | 6 | 18.33 | 83% | 83% | 17% |
| History - Other History | 6 | 18.33 | 100% | 67% | 17% |
| History - World History | 8 | 21.25 | 100% | 75% | 38% |
| Literature - American Literature | 3 | 23.33 | 100% | 67% | 67% |
| Literature - British Literature | 5 | 20.00 | 100% | 60% | 40% |
| Literature - European Literature | 5 | 18.00 | 100% | 80% | 0% |
| Literature - World Literature | 8 | 20.00 | 88% | 88% | 25% |
| Mythology | 6 | 23.33 | 100% | 100% | 33% |
| Philosophy | 6 | 21.67 | 100% | 83% | 33% |
| Pop Culture | 3 | 16.67 | 100% | 33% | 33% |
| Religion | 5 | 24.00 | 100% | 80% | 60% |
| Science - Biology | 6 | 13.33 | 100% | 17% | 17% |
| Science - Chemistry | 3 | 16.67 | 100% | 67% | 0% |
| Science - Other Science | 8 | 21.25 | 100% | 75% | 38% |
| Science - Physics | 6 | 18.33 | 100% | 67% | 17% |
| Social Science | 6 | 15.00 | 100% | 50% | 0% |